[Event "Online Olym Div2 E 2020"]
[Site "chess.com INT"]
[Date "2020.08.16"]
[Round "8.4"]
[Board "5"]
[White "Lima Martinez, Alejandro"]
[Black "Alivodic, Dario"]
[Result "0-1"]
[WhiteElo "2074"]
[BlackElo "2103"]
[WhiteTeam "Mexico"]
[BlackTeam "Montenegro"]
[WhiteFideId "5120080"]
[BlackFideId "16501632"]
[EventDate "2020.08.14"]
[EventType "team"]

1. d4 e6 2. Nf3 d5 3. c4 c6 4. g3 dxc4 5. Bg2 b5 6. Ne5 Bb7 7. O-O Nf6 8. a4 Qb6
9. Nc3 a6 10. e3 Nbd7 11. Nxd7 Nxd7 12. b3 b4 13. a5 Qc7 14. Ne4 c3 15. Qd3 Be7
16. Qc4 c5 17. dxc5 Nxc5 18. Ra4 Bd5 19. Qd4 Nxa4 20. Qxg7 Rf8 21. bxa4 Rc8 22.
Rd1 b3 23. Ba3 c2 24. Rxd5 c1=Q+ 25. Bxc1 Qxc1+ 26. Bf1 exd5 27. Nf6+ Bxf6 28.
Qxf6 Qc3 29. Qxa6 b2 30. Bb5+ Ke7 31. Qa7+ Rc7 0-1

[Event "Online Olym Div2 E 2020"]
[Site "chess.com INT"]
[Date "2020.08.16"]
[Round "8.4"]
[Board "6"]
[White "Mosurovic, Milena"]
[Black "Mellado Reyes, Rebeca"]
[Result "0-1"]
[BlackTitle "WCM"]
[WhiteElo "1397"]
[BlackElo "1750"]
[WhiteTeam "Montenegro"]
[BlackTeam "Mexico"]
[WhiteFideId "16505514"]
[BlackFideId "5132711"]
[EventDate "2020.08.14"]
[EventType "team"]

1. e4 e6 2. d3 d5 3. Nd2 c5 4. g3 Nc6 5. Bg2 Nf6 6. Ngf3 g6 7. O-O Bg7 8. Re1
O-O 9. c3 Qc7 10. Nb3 b6 11. Bd2 Ba6 12. Nc1 dxe4 13. dxe4 Rad8 14. Qc2 Rd7 15.
Nb3 Bd3 16. Qc1 Bxe4 17. Bg5 Bxf3 18. Bxf3 Nd5 19. Bh6 Ne5 20. Be2 c4 21. Bxg7
Kxg7 22. Nd2 Nd3 23. Bxd3 cxd3 24. Rd1 Nf6 25. Nf3 Rfd8 26. Qe3 Ng4 27. Qe4 Nf6
28. Qe3 Qc5 29. Qxc5 bxc5 30. c4 Ne4 31. Nd2 Rd4 32. Nxe4 Rxe4 33. b3 Re2 34.
Kg2 Kf6 35. a3 Rb2 36. b4 cxb4 37. axb4 Rxb4 38. Ra3 Rxc4 39. Raxd3 Rxd3 40.
Rxd3 Ra4 41. Rd8 a5 42. Ra8 Ra3 43. h3 a4 44. Ra5 Ra2 45. h4 a3 46. Ra4 Ke5 47.
Kf3 h5 48. Kg2 Ra1 49. Kh2 Kd5 50. Ra7 Kc4 0-1

[Event "Online Olym Div2 E 2020"]
[Site "chess.com INT"]
[Date "2020.08.16"]
[Round "8.5"]
[Board "2"]
[White "Escobar Forero, Alder"]
[Black "Acosta, Pablo Ismael"]
[Result "1/2-1/2"]
[WhiteTitle "GM"]
[BlackTitle "IM"]
[WhiteElo "2510"]
[BlackElo "2465"]
[WhiteTeam "Colombia"]
[BlackTeam "Argentina"]
[WhiteFideId "4400801"]
[BlackFideId "124311"]
[EventDate "2020.08.14"]
[EventType "team"]

1. e4 c5 2. b3 d5 3. exd5 Qxd5 4. Nc3 Qd8 5. Bb2 Nf6 6. Qf3 a6 7. Bc4 Nc6 8. Nd5
Be6 9. Nxf6+ exf6 10. Ne2 Bxc4 11. bxc4 Bd6 12. O-O O-O 13. Rab1 Re8 14. Bc3 Qd7
15. a4 Rab8 16. Ng3 Bxg3 17. hxg3 Ne5 18. Qd5 Qxa4 19. Bxe5 Rxe5 20. Rxb7 Rxb7
21. Qxb7 g6 22. Qb3 Qd7 23. d3 Qd4 24. Qa3 Re2 25. Qxa6 Rxc2 26. Qa8+ Kg7 27.
Qf3 h5 28. Re1 Rd2 29. Rd1 Ra2 30. Qe3 Qxe3 31. fxe3 Rc2 32. Ra1 Rd2 33. Ra5
Rxd3 34. Kf2 Rd2+ 35. Kf3 g5 36. Rxc5 g4+ 37. Ke4 Kg6 38. Rd5 Rxg2 39. c5 Rc2
40. Kd3 Rc1 41. Kd2 Ra1 42. c6 Ra8 43. e4 Rc8 44. Rc5 Kg7 45. Ke3 Kf8 46. Kf4
Ke7 47. Rxh5 Rxc6 48. Kxg4 Rc1 49. Ra5 Re1 50. Kf4 Rf1+ 51. Kg4 Ke6 52. Rb5 Rf2
53. Ra5 Rf1 54. Rb5 Kd6 55. Rf5 Re1 56. Rxf6+ Ke7 57. Rf4 Ke6 58. Kg5 Re3 59. g4
Re1 60. Rf6+ Ke7 61. Rf4 Ke6 62. Kh6 Rh1+ 63. Kg7 Rg1 64. Kh6 Rh1+ 65. Kg7 Rg1
66. Rf6+ Ke5 67. Kxf7 Kxe4 68. Rg6 Kf4 69. Rf6+ Ke4 70. Rg6 Kf4 71. Kf6 Rxg4 72.
Rxg4+ Kxg4 1/2-1/2

[Event "Online Olym Div2 E 2020"]
[Site "chess.com INT"]
[Date "2020.08.16"]
[Round "8.5"]
[Board "3"]
[White "Besso, Guadalupe"]
[Black "Castrillon Gomez, Melissa"]
[Result "0-1"]
[WhiteTitle "WIM"]
[BlackTitle "WIM"]
[WhiteElo "2111"]
[BlackElo "2211"]
[WhiteTeam "Argentina"]
[BlackTeam "Colombia"]
[WhiteFideId "123161"]
[BlackFideId "4402413"]
[EventDate "2020.08.14"]
[EventType "team"]

1. d4 d5 2. c4 e6 3. Nc3 Be7 4. Nf3 Nf6 5. Bg5 h6 6. Bh4 O-O 7. e3 b6 8. Bd3 Bb7
9. O-O Nbd7 10. Qe2 c5 11. Rac1 Rc8 12. Ne5 cxd4 13. exd4 dxc4 14. Bxc4 Nd5 15.
Bxd5 Bxd5 16. Nxd5 Bxh4 17. Nb4 Nxe5 18. dxe5 Rxc1 19. Rxc1 Qd7 20. g3 Be7 21.
Qc4 Bg5 22. f4 Be7 23. Nd3 Rd8 24. Nf2 Bc5 25. Rc2 Qc6 26. Qe2 a5 27. h3 Bxf2+
28. Kxf2 Qh1 29. Qf1 Qe4 30. Qe2 Qh1 31. Qf1 Qd5 32. Qe2 Qxa2 33. Qb5 Qb1 34.
Qe2 Qa2 35. Kg2 Qd5+ 36. Kf2 Qd4+ 37. Kg2 Qd5+ 38. Kf2 b5 39. h4 b4 40. Qf3 a4
41. Qxd5 Rxd5 42. Ke3 Rb5 43. Rc8+ Kh7 44. Ra8 a3 45. b3 Rc5 46. Ra4 Rc3+ 47.
Ke4 Rxb3 48. g4 Rb2 49. f5 a2 50. g5 exf5+ 51. Kxf5 b3 52. g6+ fxg6+ 53. Ke6 Rb1
54. Kf7 Rf1+ 0-1

[Event "Online Olym Div2 E 2020"]
[Site "chess.com INT"]
[Date "2020.08.16"]
[Round "8.5"]
[Board "4"]
[White "Chirivi C, Jenny Astrid"]
[Black "Francisco Guecamburu, Candela Be"]
[Result "1/2-1/2"]
[WhiteTitle "WIM"]
[BlackTitle "WFM"]
[WhiteElo "2156"]
[BlackElo "2034"]
[WhiteTeam "Colombia"]
[BlackTeam "Argentina"]
[WhiteFideId "4403061"]
[BlackFideId "160911"]
[EventDate "2020.08.14"]
[EventType "team"]

1. d4 d5 2. c4 e6 3. Nc3 Nf6 4. cxd5 exd5 5. Bg5 c6 6. e3 Qb6 7. Qc2 Ne4 8. Nxe4
dxe4 9. O-O-O Be6 10. Bc4 Qa5 11. Bh4 Bxc4 12. Qxc4 Qd5 13. Qxd5 cxd5 14. Kb1
Bd6 15. Ne2 Nd7 16. Rc1 Nb6 17. b3 Kd7 18. Bg3 Rac8 19. Kb2 Rxc1 20. Rxc1 Rc8
21. Rxc8 Nxc8 22. Nc3 Bxg3 23. hxg3 Kc6 24. Kc2 Ne7 25. Kd2 Kb6 26. Kc2 Kc6 27.
Kd2 Kb6 28. Kc2 Kc6 1/2-1/2

[Event "Online Olym Div2 E 2020"]
[Site "chess.com INT"]
[Date "2020.08.16"]
[Round "8.5"]
[Board "6"]
[White "Toro Castaneda, Elizabeth"]
[Black "Borda Rodas, Anapaola S."]
[Result "0-1"]
[WhiteTitle "CM"]
[BlackTitle "WFM"]
[WhiteElo "1989"]
[BlackElo "2138"]
[WhiteTeam "Colombia"]
[BlackTeam "Argentina"]
[WhiteFideId "4429559"]
[BlackFideId "152781"]
[EventDate "2020.08.14"]
[EventType "team"]

1. e4 c6 2. d3 d5 3. Nd2 e5 4. g3 Nf6 5. Bg2 Bg4 6. Ngf3 Bd6 7. O-O Qc8 8. Re1
O-O 9. c3 Re8 10. Nf1 h6 11. Ne3 Bh3 12. Nh4 Bxg2 13. Kxg2 Bf8 14. Nef5 dxe4 15.
dxe4 Qe6 16. Qb3 Nbd7 17. Be3 Nxe4 18. Bxh6 Nec5 19. Qd1 gxh6 20. b4 Na6 21. Qh5
Kh7 22. Rad1 Nf6 23. Qe2 Nc7 24. Qc2 e4 25. f3 Ncd5 26. fxe4 Nxe4 27. Rd4 Ndxc3
28. Re3 Rad8 29. Rxd8 Rxd8 30. Rxc3 Rd2+ 0-1

[Event "Online Olym Div2 E 2020"]
[Site "chess.com INT"]
[Date "2020.08.16"]
[Round "9.1"]
[Board "1"]
[White "Ruiz Castillo, Joshua Daniel"]
[Black "Matamoros Franco, Carlos S."]
[Result "1/2-1/2"]
[WhiteTitle "GM"]
[BlackTitle "GM"]
[WhiteElo "2498"]
[BlackElo "2495"]
[WhiteTeam "Colombia"]
[BlackTeam "Ecuador"]
[WhiteFideId "4400704"]
[BlackFideId "3600017"]
[EventDate "2020.08.14"]
[EventType "team"]

1. Nf3 Nf6 2. g3 g6 3. Bg2 Bg7 4. O-O O-O 5. c4 c5 6. d4 cxd4 7. Nxd4 d5 8. cxd5
Nxd5 9. Nc3 Nxc3 10. bxc3 Nc6 11. Nxc6 bxc6 12. Bxc6 Bh3 13. Qxd8 Raxd8 14. Bg2
Bxg2 15. Kxg2 Bxc3 16. Rb1 Rd7 17. Be3 Rfd8 18. Rb3 Bd4 19. Bxd4 Rxd4 20. Ra3
Rd2 21. Kf3 R8d7 22. Rc1 Rb2 23. Rc8+ Kg7 24. Ra8 Rdd2 25. Re3 e6 26. a3 Rd7 27.
g4 g5 28. Kg3 Rdd2 29. Rxa7 Kg6 30. Rf3 f6 31. e3 Rd1 32. Kg2 Rbb1 33. Rh3 Rg1+
34. Kf3 h6 35. Rg3 Rh1 36. Rg2 Rb3 37. Ra6 Kf7 38. Rg3 Rxh2 39. Rg1 Rb2 40. Rf1
h5 41. Kg3 Rh4 42. gxh5 Rxh5 43. Rc1 g4 44. Rc7+ Kg6 45. Raa7 Kf5 46. Ra4 Rh3+
47. Kg2 Rf3 48. Rg7 Rbxf2+ 49. Kg1 Rf1+ 50. Kg2 R3f2+ 51. Kg3 Rf3+ 52. Kg2 R1f2+
53. Kg1 Ra2 54. e4+ Ke5 55. Rxg4 Rfxa3 56. Rxa3 Rxa3 57. Kf2 Rb3 58. Ke2 Rb4 59.
Kf3 Rb3+ 60. Ke2 Kd4 61. Rf4 Rb2+ 62. Kf3 Rb3+ 63. Ke2 Ke5 64. Rg4 1/2-1/2

[Event "Online Olym Div2 E 2020"]
[Site "chess.com INT"]
[Date "2020.08.16"]
[Round "9.1"]
[Board "2"]
[White "Mieles Palau, Daniel"]
[Black "Escobar Forero, Alder"]
[Result "1/2-1/2"]
[WhiteTitle "IM"]
[BlackTitle "GM"]
[WhiteElo "2364"]
[BlackElo "2510"]
[WhiteTeam "Ecuador"]
[BlackTeam "Colombia"]
[WhiteFideId "3600467"]
[BlackFideId "4400801"]
[EventDate "2020.08.14"]
[EventType "team"]

1. c4 d6 2. Nc3 e5 3. g3 Nf6 4. Bg2 Be7 5. e4 O-O 6. Nge2 a6 7. a4 a5 8. O-O Na6
9. h3 Be6 10. d3 c6 11. f4 Nc7 12. Be3 Qb8 13. f5 Bd7 14. d4 b5 15. axb5 cxb5
16. dxe5 dxe5 17. cxb5 Bxb5 18. Nxb5 Nxb5 19. g4 Rd8 20. Qa4 Rd3 21. Bf2 Rd2 22.
Ng3 Nd4 23. g5 Nd7 24. f6 Bc5 25. Kh1 Nb6 26. Qa2 g6 27. Rad1 Rxd1 28. Rxd1 Ne6
29. Bxc5 Nxc5 30. Nf1 Ne6 31. h4 h6 32. h5 Kh7 33. hxg6+ Kxg6 34. Bh3 Nxg5 35.
Bf5+ Kxf6 36. Ng3 Kg7 37. Nh5+ Kh8 38. Qa3 Qf8 39. Qc3 f6 40. Qc6 Rd8 41. Rc1
Qd6 42. Qxd6 Rxd6 43. Rc7 Kg8 44. Ra7 a4 45. Rb7 Kf8 46. Kg2 Nc4 47. Rb8+ Ke7
48. Kf2 Rb6 49. Rc8 Rxb2+ 50. Kg3 Ne3 51. Rc7+ Kd6 52. Rd7+ Kc6 53. Nxf6 Rg2+
54. Kh4 Rh2+ 55. Kg3 Rg2+ 56. Kh4 Nf3+ 57. Kh5 Nxf5 58. exf5 Rg5+ 59. Kxh6 Rxf5
60. Rf7 e4 61. Kg6 Nh4+ 62. Kg7 e3 63. Re7 Ng2 64. Kg6 Rf3 65. Ng4 Rg3 66. Kf5
a3 67. Ne5+ Kb5 68. Rb7+ Ka4 69. Ra7+ Kb3 70. Rb7+ Ka2 71. Nd3 e2 72. Nc1+ Ka1
73. Nxe2 Rf3+ 74. Kg4 Re3 75. Nc1 Ne1 76. Kf4 Rc3 77. Nb3+ Kb2 78. Nd4+ Ka2 79.
Ne2 Rc4+ 80. Ke3 Rc8 81. Kd2 Nf3+ 82. Ke3 Ne5 83. Kd4 Nc6+ 84. Kd3 Na5 85. Rb5
Nb3 86. Nc3+ Kb2 87. Na4+ Ka2 88. Nc3+ Kb2 89. Na4+ Ka2 90. Nc3+ 1/2-1/2

[Event "Online Olym Div2 E 2020"]
[Site "chess.com INT"]
[Date "2020.08.16"]
[Round "9.2"]
[Board "1"]
[White "Djukic, Nikola"]
[Black "Pichot, Alan"]
[Result "0-1"]
[WhiteTitle "GM"]
[BlackTitle "GM"]
[WhiteElo "2525"]
[BlackElo "2630"]
[WhiteTeam "Montenegro"]
[BlackTeam "Argentina"]
[WhiteFideId "922412"]
[BlackFideId "110973"]
[EventDate "2020.08.14"]
[EventType "team"]

1. e4 c5 2. Nf3 d6 3. d4 cxd4 4. Nxd4 Nf6 5. Nc3 Nc6 6. Bg5 e6 7. Qd2 a6 8.
O-O-O Be7 9. f3 Nxd4 10. Qxd4 b5 11. h4 Bb7 12. Kb1 Rc8 13. g4 h6 14. Be3 d5 15.
exd5 Nxd5 16. Nxd5 Bxd5 17. Be2 Qa5 18. a3 Bf6 19. Qb4 Qc7 20. Rd2 Be7 21. Qd4
Bc5 22. Qxc5 Qxc5 23. Bxc5 Rxc5 24. Rhd1 g5 25. h5 Ke7 26. Rd4 Rhc8 27. R1d2
R8c7 28. a4 Bc4 29. axb5 axb5 30. Bxc4 Rxc4 31. c3 Kf6 32. Ka2 Ke5 33. Kb3 f5
34. Re2+ Kf6 35. Rd6 Re7 36. gxf5 Kxf5 37. Rb6 Rc5 38. Kb4 Rd5 39. Re4 Rd3 40.
Rxb5+ e5 41. Rc4 Rxf3 42. Rc6 Kg4 43. Rcb6 e4 44. Rb7 Rff7 45. Rxe7 Rxe7 46. Rd5
e3 47. Rd1 e2 48. Re1 Kf3 49. Kc5 Kf2 50. Rxe2+ Kxe2 51. b4 g4 0-1

[Event "Online Olym Div2 E 2020"]
[Site "chess.com INT"]
[Date "2020.08.16"]
[Round "9.2"]
[Board "2"]
[White "Acosta, Pablo Ismael"]
[Black "Kalezic, Blazo"]
[Result "1/2-1/2"]
[WhiteTitle "IM"]
[BlackTitle "IM"]
[WhiteElo "2465"]
[BlackElo "2448"]
[WhiteTeam "Argentina"]
[BlackTeam "Montenegro"]
[WhiteFideId "124311"]
[BlackFideId "921815"]
[EventDate "2020.08.14"]
[EventType "team"]

1. c4 e5 2. g3 Nc6 3. Bg2 Bc5 4. Nc3 a6 5. e3 d6 6. a3 Ba7 7. b4 Nf6 8. Bb2 O-O
9. d3 Bg4 10. Nf3 Re8 11. h3 Bd7 12. O-O Ne7 13. Nd2 Bc6 14. Nde4 Nxe4 15. dxe4
Rf8 16. Qd3 f5 17. exf5 Bxg2 18. Kxg2 Rxf5 19. f4 exf4 20. exf4 Rf7 21. f5 Nc6
22. Ne4 Ne5 23. Qd5 Nxc4 24. Qxc4 d5 25. Qb3 dxe4 26. Rad1 Qe8 27. f6 g6 28. Rd5
e3 29. Qc4 Rd8 30. Rxd8 Qxd8 31. Bc3 c6 32. Kf3 Qd7 33. g4 h6 34. Ke2 Qd5 35.
Qxd5 cxd5 36. h4 d4 37. Bb2 Rd7 38. Kd3 Kf7 39. g5 hxg5 40. hxg5 Bb6 41. Rf4 Rd5
42. Re4 Rd7 43. a4 a5 44. bxa5 Ba7 45. Re5 Rc7 46. Re4 Rd7 47. Re5 Rc7 48. Re4
Rd7 1/2-1/2

[Event "Online Olym Div2 E 2020"]
[Site "chess.com INT"]
[Date "2020.08.16"]
[Round "9.2"]
[Board "3"]
[White "Milovic, Aleksandra"]
[Black "Besso, Guadalupe"]
[Result "0-1"]
[WhiteTitle "WIM"]
[BlackTitle "WIM"]
[WhiteElo "2198"]
[BlackElo "2111"]
[WhiteTeam "Montenegro"]
[BlackTeam "Argentina"]
[WhiteFideId "933988"]
[BlackFideId "123161"]
[EventDate "2020.08.14"]
[EventType "team"]

1. Nc3 d5 2. d4 Nf6 3. Bg5 Nbd7 4. Qd3 g6 5. f3 Bg7 6. e4 dxe4 7. fxe4 Nb6 8.
Nf3 O-O 9. e5 Nfd5 10. Nxd5 Nxd5 11. c4 Nb6 12. Be2 Bg4 13. O-O-O c6 14. h3 Bf5
15. Qd2 Qc7 16. Bh6 Rad8 17. Bxg7 Kxg7 18. g4 Be4 19. Qe3 Bxf3 20. Qxf3 c5 21.
Qe4 cxd4 22. Rxd4 Rxd4 23. Qxd4 Rd8 24. Qc3 e6 25. h4 Qc5 26. h5 Qd4 27. h6+ Kg8
28. Qxd4 Rxd4 29. Kc2 Kf8 30. Kc3 Re4 31. Bf3 Re3+ 32. Kb4 Rxf3 33. a4 Nd7 34.
Rd1 Ke7 35. Kb5 Nxe5 36. b4 Nd7 37. c5 Rf4 38. g5 Rf5 39. a5 Rxg5 40. a6 bxa6+
41. Kxa6 Nxc5+ 42. bxc5 Rxc5 43. Kxa7 Rh5 44. Kb6 Rxh6 45. Kc6 Rh2 46. Kc5 Re2 0-1

[Event "Online Olym Div2 E 2020"]
[Site "chess.com INT"]
[Date "2020.08.16"]
[Round "9.3"]
[Board "1"]
[White "Tate, Alan"]
[Black "Capo Vidal, Uriel"]
[Result "0-1"]
[WhiteTitle "FM"]
[BlackTitle "IM"]
[WhiteElo "2342"]
[BlackElo "2334"]
[WhiteTeam "Scotland"]
[BlackTeam "Mexico"]
[WhiteFideId "2401878"]
[BlackFideId "5105382"]
[EventDate "2020.08.14"]
[EventType "team"]

1. e4 c5 2. Nf3 Nc6 3. d4 cxd4 4. Nxd4 Nf6 5. Nc3 e5 6. Ndb5 d6 7. Bg5 a6 8. Na3
b5 9. Nd5 Be7 10. Bxf6 Bxf6 11. c4 b4 12. Nc2 Rb8 13. Qd3 O-O 14. g3 g6 15.
Nxf6+ Qxf6 16. Bg2 a5 17. O-O a4 18. b3 Ra8 19. Qd2 Qd8 20. f4 Qb6+ 21. Qf2 Qc5
22. f5 Bb7 23. Ne3 Nd4 24. bxa4 Rxa4 25. Kh1 f6 26. fxg6 hxg6 27. Ng4 f5 28. Qd2
Qc7 29. Qg5 Qg7 30. Ne3 f4 31. Nd5 Bxd5 32. cxd5 f3 33. Bh3 Qf6 34. Qd2 Rfa8 35.
Bd7 Ra3 36. Qxb4 Qe7 37. Bc6 R8a7 38. Qb2 Kg7 39. Qd2 Nb3 40. Qc2 Nxa1 41. Rxa1
Qg5 42. Qf2 Rxa2 43. Rf1 0-1

[Event "Online Olym Div2 E 2020"]
[Site "chess.com INT"]
[Date "2020.08.16"]
[Round "9.3"]
[Board "2"]
[White "Gracia Alvarez, Gerardo An"]
[Black "Gourlay, Iain"]
[Result "0-1"]
[WhiteTitle "FM"]
[BlackTitle "FM"]
[WhiteElo "2308"]
[BlackElo "2342"]
[WhiteTeam "Mexico"]
[BlackTeam "Scotland"]
[WhiteFideId "5109124"]
[BlackFideId "2401533"]
[EventDate "2020.08.14"]
[EventType "team"]

1. d4 d5 2. c4 c6 3. Nf3 Nf6 4. Nc3 dxc4 5. e4 b5 6. e5 Nd5 7. a4 e6 8. axb5
Nxc3 9. bxc3 cxb5 10. Ng5 Bb7 11. Qh5 g6 12. Qg4 Be7 13. Be2 Bd5 14. Bf3 h5 15.
Qg3 Nc6 16. Ne4 b4 17. Nd6+ Bxd6 18. Bxd5 exd5 19. exd6 O-O 20. O-O bxc3 21.
Qxc3 Qf6 22. Rd1 a5 23. Ba3 Nb4 24. Bxb4 axb4 25. Qxb4 Rxa1 26. Rxa1 Qxd4 27.
Re1 Rd8 28. h3 Qf6 29. d7 Rxd7 30. Re8+ Kh7 31. Qb5 Rd8 32. Re3 d4 33. Rf3 Qe6
34. g4 h4 35. Qg5 Rd7 36. Qxh4+ Kg8 37. Ra3 Qe1+ 38. Kh2 Qe5+ 39. Kg1 Qd5 40.
Ra6 d3 41. Rb6 Rd8 42. Rb5 d2 43. Rxd5 Rxd5 0-1

[Event "Online Olym Div2 E 2020"]
[Site "chess.com INT"]
[Date "2020.08.16"]
[Round "9.3"]
[Board "5"]
[White "Shafi, Declan"]
[Black "Tello Chavez, Isaac Valent"]
[Result "0-1"]
[BlackTitle "FM"]
[WhiteElo "2166"]
[BlackElo "2275"]
[WhiteTeam "Scotland"]
[BlackTeam "Mexico"]
[WhiteFideId "2405156"]
[BlackFideId "5114241"]
[EventDate "2020.08.14"]
[EventType "team"]

1. d4 d5 2. c4 dxc4 3. Nf3 a6 4. e3 Nf6 5. Bxc4 e6 6. O-O c5 7. dxc5 Bxc5 8.
Qxd8+ Kxd8 9. Be2 Ke7 10. Nbd2 Nbd7 11. a3 Ba7 12. Nc4 Nb6 13. Na5 Ne4 14. Ne5
f6 15. Nd3 Rd8 16. Rd1 Nd5 17. Bf3 Ng5 18. Be2 Bb6 19. Nc4 Ba7 20. Bd2 Bd7 21.
Rac1 Ba4 22. Rf1 e5 23. Nb4 Nb6 24. Bc3 Rac8 25. Na5 Rc7 26. b3 Bb5 27. Bxb5
axb5 28. Ba1 Rxc1 29. Rxc1 Rd7 30. Kf1 Ne4 31. Ke1 Ke6 32. f3 Nd6 33. Nd3 Nd5
34. e4 Ne3 35. b4 Nxg2+ 36. Ke2 Nf4+ 37. Nxf4+ exf4 38. Nb3 Nc4 39. a4 Be3 40.
Rc3 bxa4 41. Nc5+ Bxc5 42. bxc5 Rd2+ 43. Ke1 Rxh2 44. Rxc4 Rh1+ 45. Kd2 Rxa1 46.
Rb4 Ra2+ 47. Kd3 Ra3+ 48. Kd4 Rb3 49. Rxa4 h5 50. Kc4 Rb1 51. Ra8 h4 52. Rh8 g5
53. Rh7 b6 54. c6 Kd6 55. c7 Rc1+ 56. Kb5 Rxc7 57. Rh6 Ke5 58. Kxb6 Rc3 59. Kb5
Rxf3 60. Kc5 h3 61. Rh8 Kxe4 62. Kc4 Kf5 63. Rh6 Re3 64. Kd4 Kg4 65. Rxf6 h2 66.
Rh6 Kg3 67. Rh5 g4 68. Kd5 Re2 69. Kd4 Kg2 70. Kd3 f3 71. Rh4 g3 0-1

[Event "Online Olym Div2 E 2020"]
[Site "chess.com INT"]
[Date "2020.08.16"]
[Round "9.4"]
[Board "2"]
[White "Duran Vega, Sergio"]
[Black "Jones, Gawain C B"]
[Result "0-1"]
[WhiteTitle "IM"]
[BlackTitle "GM"]
[WhiteElo "2340"]
[BlackElo "2670"]
[WhiteTeam "Costa Rica"]
[BlackTeam "England"]
[WhiteFideId "6501311"]
[BlackFideId "409561"]
[EventDate "2020.08.14"]
[EventType "team"]

1. Nf3 g6 2. c4 Bg7 3. d4 Nf6 4. g3 c5 5. Bg2 O-O 6. O-O d6 7. d5 b5 8. cxb5 a6
9. bxa6 Nxa6 10. Nc3 Bf5 11. Nd2 Nb4 12. e4 Bg4 13. f3 Bc8 14. a3 Nd3 15. Nc4
Nxc1 16. Rxc1 Ba6 17. Nb1 Bxc4 18. Rxc4 Nd7 19. Rc2 Qb8 20. Qe2 Qb3 21. Rfc1
Rfb8 22. Nd2 Qa4 23. Nc4 Nb6 24. b4 Bd4+ 25. Kh1 Nxc4 26. Rxc4 Qxa3 27. bxc5
Bxc5 28. R4c2 Rb3 29. h4 h5 30. Kh2 Rab8 31. Rd1 Kh7 32. Ra2 Qb4 33. Qd2 Qb6 34.
Qe2 Re3 35. Qc2 Bd4 36. Rd3 Rxd3 37. Qxd3 Bg1+ 38. Kh3 Qb7 39. Bf1 Qb4 40. Kg2
Bc5 41. Re2 Ra8 42. Kh3 Ra3 43. Qc2 Rxf3 44. Bg2 Rc3 45. Qd2 Qa3 46. Qf4 f6 47.
e5 dxe5 48. Rxe5 Bd6 49. Rxh5+ gxh5 0-1

[Event "Online Olym Div2 E 2020"]
[Site "chess.com INT"]
[Date "2020.08.16"]
[Round "9.4"]
[Board "4"]
[White "Ramirez Gonzalez, Maria Jose"]
[Black "Ciuksyte, Dagne"]
[Result "0-1"]
[WhiteTitle "WFM"]
[BlackTitle "IM"]
[WhiteElo "1794"]
[BlackElo "2294"]
[WhiteTeam "Costa Rica"]
[BlackTeam "England"]
[WhiteFideId "6503349"]
[BlackFideId "12800619"]
[EventDate "2020.08.14"]
[EventType "team"]

1. d4 Nf6 2. Nc3 d5 3. Bg5 Bf5 4. e3 e6 5. Bd3 c6 6. Bxf5 exf5 7. Qd3 g6 8. Nf3
Nbd7 9. O-O Bg7 10. Ne5 O-O 11. Ne2 Re8 12. Nxd7 Qxd7 13. Bxf6 Bxf6 14. c4 dxc4
15. Qxc4 Rad8 16. Rfd1 Kg7 17. Rac1 h5 18. b4 h4 19. h3 Be7 20. Nc3 Qd6 21. b5
Rc8 22. Qa4 Bd8 23. bxc6 bxc6 24. d5 Bc7 25. Qd4+ f6 26. Qxh4 Qh2+ 27. Kf1 f4
28. e4 Qh1+ 29. Ke2 Qxg2 30. dxc6 Rxe4+ 31. Nxe4 Qxe4+ 32. Kf1 Qh1+ 33. Ke2 Qe4+
34. Kf1 Qh1+ 35. Ke2 Re8+ 36. Kd2 Ba5+ 37. Kc2 Qxc6+ 38. Kd3 Qd5+ 39. Kc2 Qc4+
40. Kb1 Rb8+ 41. Ka1 Bc3+ 42. Rxc3 Qxc3# 0-1

[Event "Online Olym Div2 E 2020"]
[Site "chess.com INT"]
[Date "2020.08.16"]
[Round "9.4"]
[Board "6"]
[White "Diaz Charpentier, Kristel Meliss"]
[Black "Kalaiyalahan, Akshaya"]
[Result "1/2-1/2"]
[BlackTitle "FM"]
[WhiteElo "1898"]
[BlackElo "2149"]
[WhiteTeam "Costa Rica"]
[BlackTeam "England"]
[WhiteFideId "6511708"]
[BlackFideId "422894"]
[EventDate "2020.08.14"]
[EventType "team"]

1. Nf3 Nf6 2. b3 g6 3. Bb2 Bg7 4. g3 O-O 5. Bg2 d5 6. c4 dxc4 7. bxc4 c5 8. d3
Nc6 9. O-O Bf5 10. Ne5 Nxe5 11. Bxe5 Qd7 12. Nd2 Bh3 13. Rb1 Bxg2 14. Kxg2 Qc6+
15. Kg1 b6 16. Nf3 Rfd8 17. Qc1 Qe6 18. Qc3 Ne8 19. Bxg7 Nxg7 20. Rfe1 Nf5 21.
a4 Nd4 22. Nxd4 Rxd4 23. e3 Rd6 24. a5 Qd7 25. Red1 Rd8 26. Rb3 Qg4 27. Rd2 Qf3
28. Qe5 Qf6 29. Qxf6 Rxf6 30. axb6 axb6 31. d4 cxd4 32. exd4 Rfd6 33. d5 Rc8 34.
Rb4 Rc5 35. Ra2 e6 36. Ra6 exd5 37. cxd5 Rcxd5 38. Rbxb6 Rxb6 39. Rxb6 Kg7 40.
Kg2 Rd3 1/2-1/2

[Event "Online Olym Div2 E 2020"]
[Site "chess.com INT"]
[Date "2020.08.16"]
[Round "9.5"]
[Board "2"]
[White "Gemy, Jose Daniel"]
[Black "Gledura, Benjamin"]
[Result "0-1"]
[WhiteTitle "IM"]
[BlackTitle "GM"]
[WhiteElo "2380"]
[BlackElo "2620"]
[WhiteTeam "Bolivia"]
[BlackTeam "Hungary"]
[WhiteFideId "3301478"]
[BlackFideId "712779"]
[EventDate "2020.08.14"]
[EventType "team"]

1. Nf3 Nf6 2. c4 d6 3. Nc3 e5 4. g3 g6 5. Bg2 Bg7 6. O-O O-O 7. d4 Nbd7 8. b3
Re8 9. dxe5 dxe5 10. Bb2 Qe7 11. Nb5 e4 12. Nxc7 exf3 13. Bxf3 Ne5 14. Bxe5 Qxe5
15. Nxa8 Qb8 16. Rc1 Bh3 17. Re1 Rd8 18. Qc2 Bf5 19. e4 Be6 20. Rcd1 Nd7 21. Bg2
Qxa8 22. h3 a5 23. f4 Nc5 24. Rxd8+ Qxd8 25. Rd1 Qb6 26. Kh2 h5 27. Qd2 Nd7 28.
e5 h4 29. Qd4 hxg3+ 30. Kxg3 Qb4 31. Bd5 Nc5 32. Qd2 Qa3 33. h4 a4 34. Bxe6 Nxe6
35. Qa5 Qxa2 36. Qxa4 Qc2 37. Qe8+ Kh7 38. Rd7 Qxb3+ 39. Kg4 Qa2 40. Kg3 Qa3+
41. Kg4 Qa2 42. Kg3 Qb3+ 43. Kg4 Qb2 44. Kg3 Nd4 45. Rxf7 Qc3+ 0-1

[Event "Online Olym Div2 E 2020"]
[Site "chess.com INT"]
[Date "2020.08.16"]
[Round "9.5"]
[Board "4"]
[White "Mollo Figueroa, Nicole"]
[Black "Gara, Anita"]
[Result "0-1"]
[BlackTitle "IM"]
[WhiteElo "1141"]
[BlackElo "2345"]
[WhiteTeam "Bolivia"]
[BlackTeam "Hungary"]
[WhiteFideId "3325687"]
[BlackFideId "709751"]
[EventDate "2020.08.14"]
[EventType "team"]

1. e4 c5 2. Nf3 Nc6 3. d4 cxd4 4. Nxd4 e5 5. Nxc6 bxc6 6. Bc4 Nf6 7. Nc3 Bb4 8.
Bg5 h6 9. Bxf6 Qxf6 10. Qd3 O-O 11. O-O a5 12. a3 Bc5 13. Kh1 d6 14. f3 Bd4 15.
b4 axb4 16. axb4 Be6 17. Rxa8 Rxa8 18. Ne2 Bb6 19. Bxe6 Qxe6 20. Rd1 d5 21. exd5
cxd5 22. h3 e4 23. Qxd5 Rd8 24. Qxd8+ Bxd8 25. Rxd8+ Kh7 26. Nd4 Qb6 27. Rd5 e3
28. b5 f5 29. c4 Qxd4 30. Rxd4 e2 31. b6 e1=Q+ 32. Kh2 Qe5+ 33. Kh1 Qxd4 34. b7
Qb6 35. c5 Qxb7 36. c6 Qxc6 37. Kh2 Kg6 38. Kh1 Kg5 39. Kh2 f4 40. Kh1 Kh4 41.
Kh2 Qc2 42. Kg1 Kg3 43. Kf1 Qd1# 0-1